The paperless deal (Record no. 64879)
[ view plain ]
| 000 -LEADER | |
|---|---|
| fixed length control field | 00704cam a2200205 4500 |
| 001 - CONTROL NUMBER | |
| control field | ABS62887 |
| 008 - FIXED-LENGTH DATA ELEMENTS--GENERAL INFORMATION | |
| fixed length control field | 000000n2000 000 0 eng u |
| 035 ## - SYSTEM CONTROL NUMBER | |
| System control number | (Sirsi) u108671 |
| 100 ## - MAIN ENTRY--PERSONAL NAME | |
| Personal name | Scates, S. |
| 245 #4 - TITLE STATEMENT | |
| Title | The paperless deal |
| 260 ## - PUBLICATION, DISTRIBUTION, ETC. | |
| Date of publication, distribution, etc. | 2000 |
| 490 ## - SERIES STATEMENT | |
| Series statement | Property Week |
| Volume/sequential designation | 65(34) 15 September 2000, 68-69(2) |
| 520 ## - SUMMARY, ETC. | |
| Summary, etc. | Technology has enabled the speeding up of property deals. This article looks at the world of the virtual deal. Gives a breakdown of the processes involved in an electronic deal. |
| 590 ## - LOCAL NOTE (RLIN) | |
| Local note | ABS |
| 650 ## - SUBJECT ADDED ENTRY--TOPICAL TERM | |
| Topical term or geographic name entry element | PROPERTY TRANSACTIONS |
| 650 ## - SUBJECT ADDED ENTRY--TOPICAL TERM | |
| Topical term or geographic name entry element | E-COMMERCE |
| 650 ## - SUBJECT ADDED ENTRY--TOPICAL TERM | |
| Topical term or geographic name entry element | TECHNOLOGY |
| 690 ## - LOCAL SUBJECT ADDED ENTRY--TOPICAL TERM (OCLC, RLIN) | |
| Topical term or geographic name as entry element | MANAGEMENT-BUSINESS MANAGEMENT-INFORMATION MANAGEMENT |
| 942 ## - ADDED ENTRY ELEMENTS (KOHA) | |
| Suppress in OPAC | 0 |
| Withdrawn status | Lost status | Source of classification or shelving scheme | Damaged status | Not for loan | Home library | Current library | Shelving location | Date acquired | Total Checkouts | Full call number | Barcode | Date last seen | Copy number | Price effective from | Koha item type |
|---|---|---|---|---|---|---|---|---|---|---|---|---|---|---|---|
| Dewey Decimal Classification | London | London | Journal article | 06/10/2000 | ABS62887 | 108671-1001 | 06/08/2019 | 1 | 06/08/2019 | Journal article |